[Event "FRA-ch U16"]
[Site "Montbeliard"]
[Date "2014.04.20"]
[Round "1"]
[White "Stamboulian, Brice"]
[Black "Rakotomaharo, Fy Antenaina"]
[Result "0-1"]
[WhiteElo "1734"]
[BlackElo "2045"]
[PlyCount "62"]
[EventDate "2014.04.20"]
[EventType "swiss"]
[EventRounds "9"]
[EventCountry "FRA"]
[SourceTitle "CBM 160 Extra"]
[Source "ChessBase"]
[SourceDate "2014.07.01"]
[SourceVersion "1"]
[SourceVersionDate "2014.07.01"]
[SourceQuality "1"]

1. e4 c5 2. c3 g6 3. d4 cxd4 4. cxd4 d5 5. e5 Nc6 6. Nc3 Bg7 7. Nf3 Bg4 8. Bb5 Nh6 9. h3 Bxf3 10. Qxf3 0-0 11. Bxc6 bxc6 12. 0-0 Nf5 13. Rd1 e6 14. Na4 Qa5 15. b3 Nxd4 16. Rxd4 Qe1+ 17. Kh2 Qxe5+ 18. Bf4 Qxd4 19. Rd1 Qb4 20. Qg3 Rad8 21. Rc1 e5 22. Bxe5 Bxe5 23. Qxe5 Qd6 24. Qxd6 Rxd6 25. Re1 Re6 26. Rxe6 fxe6 27. Kg3 Kf7 28. Nc5 Ke7 29. Nd3 Kd6 30. f4 c5 31. Ne5 g5 0-1

[Event "FRA-chT U20"]
[Site "France"]
[Date "2012.05.27"]
[Round "?"]
[White "Stamboulian, Brice"]
[Black "Gac, Simon"]
[Result "1-0"]
[WhiteElo "1596"]
[BlackElo "1457"]
[PlyCount "145"]
[EventDate "2012.05.26"]
[EventType "team-swiss"]
[EventRounds "9"]
[EventCountry "FRA"]
[SourceTitle "EXT 2014"]
[Source "ChessBase"]
[SourceDate "2013.11.20"]
[SourceVersion "1"]
[SourceVersionDate "2013.11.20"]
[SourceQuality "1"]

1. e4 e6 2. d4 d5 3. e5 c5 4. c3 Nc6 5. Nf3 Qb6 6. Na3 cxd4 7. cxd4 Bb4+ 8. Bd2 Bxa3 9. bxa3 Nge7 10. Rb1 Qd8 11. Bd3 Ng6 12. Qc2 a6 13. 0-0 Nh4 14. Nxh4 Qxh4 15. Be3 Qe7 16. Rb3 h6 17. Rc3 0-0 18. Qd2 f5 19. Be2 Qf7 20. Bf4 Ne7 21. Rg3 Kh7 22. Rh3 Ng8 23. Rh4 Qe7 24. g3 Qxa3 25. g4 fxg4 26. Bd3+ Rf5 27. Rxg4 Qa4 28. Bxf5+ exf5 29. Rh4 Be6 30. Rc1 Qb5 31. Rc7 Qb6 32. Rc3 Qb1+ 33. Kg2 Qb6 34. Rch3 Bf7 35. Qd3 Qe6 36. Rg3 Rf8 37. Rhg4 g6 38. Rh4 h5 39. Rg5 Ne7 40. Qg3 Rg8 41. Qb3 b5 42. Rh3 Qb6 43. Rd3 Nc6 44. Be3 Na5 45. Qb4 Qd8 46. Ra3 Nc4 47. Rg3 Nxa3 48. Qxa3 a5 49. Qc5 b4 50. Bg5 Qa8 51. Qc7 Rf8 52. e6 Qe8 53. exf7 Qe4+ 54. f3 Qxd4 55. Qe7 Qg7 56. Bf6 Rxf7 57. Bxg7 Rxe7 58. Bd4 Re2+ 59. Kh3 Rxa2 60. f4 a4 61. Rg2 Rxg2 62. Kxg2 a3 63. Bc5 a2 64. Bd4 h4 65. Kh3 Kg8 66. Kxh4 Kf7 67. Kg5 b3 68. h4 Kg8 69. Kxg6 Kf8 70. h5 Kg8 71. h6 Kf8 72. h7 Ke7 73. h8Q 1-0